|
|
|
|
| LEADER |
01048cam a2200241 7i4500 |
| 001 |
0000058437 |
| 005 |
20210325090000.0 |
| 020 |
|
|
|a 9781118384022 (electronic book)
|
| 090 |
0 |
0 |
|a RA409
|b .D49 2014
|
| 100 |
1 |
|
|a De Winter, Patricia
|
| 245 |
1 |
0 |
|a Starting out in statistics :
|b an introduction for students of human health, disease and psychology
|c Patricia de Winter and Peter M. B. Cahusac.
|
| 264 |
|
|
|a Chichester, West Sussex:
|b John Wiley & Sons,
|c 2014.
|
| 300 |
|
|
|a 1 online resource (283 pages):
|b illustrations, text file, PDF.
|
| 336 |
|
|
|a text
|2 rdacontent
|
| 337 |
|
|
|a computer
|2 rdamedia
|
| 338 |
|
|
|a online resource
|2 rdacarrier
|
| 650 |
|
0 |
|a Medical statistics
|
| 655 |
|
0 |
|a Electronic books
|
| 700 |
1 |
|
|a Cahusac, Peter M. B.
|
| 856 |
4 |
2 |
|u http://library.unisel.edu.my/equip-unisel/custom/ebook_catalog/ebook/StartingOutinStatisticsAnIntroductionforStudentsofHumanHealthDiseaseandPsychology.pdf
|
| 997 |
|
|
|a Health Sciences, Faculty
|
| 998 |
|
|
|a Biomedical Science, Degree
|
| 999 |
|
|
|a EBO0004749
|b EBOOK
|c EBOOK
|e Electronic resources
|